| 000 | 00657nam a2200205 4500 | ||
|---|---|---|---|
| 999 |
_c13796 _d13796 |
||
| 020 | _a9780545165501 | ||
| 082 | _aFic. S4271p 2009 | ||
| 100 | _aScotte, Janine | ||
| 245 |
_aPainting _cby Janine Scott ; illustrated by Christine Ross |
||
| 260 |
_aNew York _bScholastic, Inc. _cc2009. |
||
| 300 |
_a12 pages _bcol. ill. _c23 x 18 cm. |
||
| 504 | _aLexile measure: 190L | ||
| 520 | _aThe story is about a character named Jen who lives on a farm and likes to paint. | ||
| 526 |
_aFICTION _d750 |
||
| 650 | _aArts and Crafts | ||
| 650 | _aFarm and Ranch Life | ||
| 650 | _aPainting — Juvenile fiction | ||
| 700 | _aRoss, Christine | ||
| 942 |
_2ddc _cBK |
||